LIBRARY & INFORMATION CENTRE, KCAET, TAVANUR

ONLINE PUBLIC ACCESS CATALOGUE (OPAC)

Word power from the Reader's Digest (Record no. 15741)

MARC details
000 -LEADER
fixed length control field 00259nam a22001097a 4500
003 - CONTROL NUMBER IDENTIFIER
control field OSt
008 - FIXED-LENGTH DATA ELEMENTS--GENERAL INFORMATION
fixed length control field 190925b ||||| |||| 00| 0 eng d
082 ## - DEWEY DECIMAL CLASSIFICATION NUMBER
Classification number 428.1076
Item number GEO/WO
100 ## - MAIN ENTRY--AUTHOR NAME
Personal name George .
245 ## - TITLE STATEMENT
Title Word power from the Reader's Digest
942 ## - ADDED ENTRY ELEMENTS (KOHA)
Koha item type Books
Holdings
Withdrawn status Lost status Damaged status Home library Current library Date acquired Full call number Accession Number Koha item type
Withdrawn     KAUAET KAUAET 25/09/2019 428.1076 GEO/WO 18063 Books
free website counter